header

Supporting creativity and imagination in the early years (Record no. 132593)

MARC details
000 -LEADER
fixed length control field 01524nam a2200361 a 4500
100 1# - MAIN ENTRY--AUTHOR NAME
Personal name Duffy, Bernadette,
245 10 - TITLE STATEMENT
Title Supporting creativity and imagination in the early years
250 ## - EDITION STATEMENT
Edition statement 2nd ed.
260 ## - PUBLICATION, DISTRIBUTION, ETC. (IMPRINT)
Place of publication Buckingham [England] :
Name of publisher Open University Press,
Year of publication 2006.
300 ## - PHYSICAL DESCRIPTION
Number of Pages xviii, 190 p. :
Other physical details ill.
490 1# - SERIES STATEMENT
Series statement Supporting early learning
505 0# - FORMATTED CONTENTS NOTE
Formatted contents note pt. 1. What are creativity and imagination and why are they important? -- pt. 2. How do creativity and imagination develop? -- pt. 3. Theory into practice.
650 #0 - SUBJECT ADDED ENTRY--TOPICAL TERM
Topical Term Imagination in children.
Topical Term Creative ability in children.
Topical Term Early childhood education.
856 40 - ELECTRONIC LOCATION AND ACCESS
Uniform Resource Identifier http://site.ebrary.com/lib/rucke/Doc?id=10161333

No items available.

© 2026 Rongo University
Contact us: librarian | system librarian | Rongo university